| 000 | 00743nam a2200229Ia 4500 | ||
|---|---|---|---|
| 003 | GCL | ||
| 008 | 140319s9999 xx 000 0 ara d | ||
| 040 |
_aGCL / _cGCL |
||
| 082 | 0 | 4 |
_a694.6 _bو ا |
| 100 | 1 | _aعبدالمنعم عاكف | |
| 245 | 1 | 0 |
_aاشغال النجارة العامة / _cعبدالمنعم عاكف |
| 700 | 1 | _aوارنر هيرت | |
| 260 |
_a[S.N] : _bدار الاهرام ، _c1977 |
||
| 300 | _a164 ص | ||
| 490 |
_aالاسس التكنولوجية _v0 |
||
| 650 | 0 | 4 | _aالتجارة |
| 650 | 0 | 4 | _aفقه اللغة العربية الحديثة |
| 650 | 0 | 4 | _aالاخشاب |
| 650 | 0 | 4 | _aالصناعات الخشبية |
| 650 | 0 | 4 | _aصناعة وتجارة التكنولوجيا |
| 942 |
_2ddc _cBK |
||
| 999 |
_c53254 _d53254 |
||